Interaktívny WebGL model seagway vozidla

Salvato in:
Dettagli Bibliografici
Autore principale: Hók, Marián (Autore)
Altri autori: Žáková, Katarína (Relatore della tesi)
Natura: Manoscritto Libro
Lingua:slovacco
Pubblicazione: 2016
Soggetti:
Accesso online:http://is.stuba.sk/zp/portal_zp.pl?podrobnosti=107148
Tags: Aggiungi Tag
Nessun Tag, puoi essere il primo ad aggiungerne!!

MARC

LEADER 00000ntm a22000003a 4500
001 stuzp55058
003 SK-STU
005 20160906105618.4
007 ta
008 150427s2015----xo-----f-mn---000-0-slo-d
040 |a STU  |b slo 
041 0 |a slo 
044 |a xo 
100 1 |a Hók, Marián  |u 035000  |4 aut  |U FEI Fakulta elektrotechniky a informatiky  |T FEI Ústav informatiky a matematiky  |X 72821  |U E050  |Y 816  |7 72821 
242 0 1 |a Interactive WebGL model of segway vehicle  |y eng 
245 1 0 |a Interaktívny WebGL model seagway vozidla 
260 |c 2016 
300 |a 37 s., príl.,  |b CD-ROM 
650 4 |a animation  |2 eng 
650 4 |a 3D  |2 eng 
650 4 |a simulation  |2 eng 
650 4 |a segway  |2 eng 
650 4 |a WebGL  |2 eng 
650 4 |a segway  |2 slo 
650 4 |a simulácia  |2 slo 
650 4 |a WebGL  |2 slo 
650 4 |a animácia  |2 slo 
650 4 |a 3D  |2 slo 
700 1 |a Žáková, Katarína  |u 030400  |k Z1  |4 ths  |U FEI Fakulta elektrotechniky a informatiky  |T FEI Ústav automobilovej mechatroniky  |X 4948  |U E400  |Y 642  |7 A000004948 
856 4 |u http://is.stuba.sk/zp/portal_zp.pl?podrobnosti=107148 
996 |b 284ER02284  |c E*Bc- 2284  |l EE35  |s P  |a 0  |w stuzp55058_0001 
SQL |a stuzp55058  |b DBP  |c SLO  |d Interaktívny WebGL model seagway vozidla  |e 72821  |f Hók, Marián  |g 035000  |h 4948  |i Žáková, Katarína  |j 20160707  |k 73  |l 03  |m http://is.stuba.sk/zp/portal_zp.pl?podrobnosti=107148  |n B-API  |o 9.2.9. aplikovaná informatika